| 000 | 00442 a2200145 4500 | ||
|---|---|---|---|
| 999 |
_c5273 _d5273 |
||
| 020 | _a0855984422 | ||
| 050 | _aHD6940DEV2000 | ||
| 100 |
_aEade, Deborah _eeditor |
||
| 245 |
_aDevelopment, NGO's ,and civil society _bselected essays from development in practice / _cedited by Deborah Eade |
||
| 264 |
_aOxford _bOxfam GB _c2000 |
||
| 300 | _a208p. | ||
| 500 | _aIncludes index | ||
| 650 | _aDevelopment--- NGO'S | ||
| 942 |
_2lcc _cBK _h6940 _iDEV _kHD |
||